| 000 | 01129nam a2200325 i 4500 | ||
|---|---|---|---|
| 001 | 000005809 | ||
| 003 | DO-SdBNP | ||
| 005 | 20250522142827.0 | ||
| 007 | ta | ||
| 008 | 090824s2009 dr 000 0 spa d | ||
| 020 | _a9789993439554 | ||
| 040 |
_aDO-SdBNP _bspa _cBNPHU _erda |
||
| 041 | _aspa | ||
| 082 | 4 |
_a467.97293 _bA325i _222 |
|
| 100 | 1 |
_aAlba, Orlando, _d1948- _eautor _4aut. _916426 |
|
| 245 | 1 | 3 |
_aLa identidad lingüística de los dominicanos / _cOrlando Alba. |
| 250 | _aPrimera edición | ||
| 264 | 4 |
_aSanto Domingo : _bEdiciones Librería La Trinitaria : _bBrigham Young University, _c©2009. |
|
| 300 |
_a166 páginas : _bilustraciones ; _c23 cm. |
||
| 336 |
_atexto _btxt _2rdacontent |
||
| 337 |
_asin mediación _bn _2rdamedia |
||
| 338 |
_avolumen _bnc _2rdacarrier |
||
| 500 | _aIncluye datos biográficos del autor en las solapas. | ||
| 504 | _aBibliografía : páginas 161-166 | ||
| 590 | _aInventariado, 2019/VM | ||
| 650 | 4 |
_aLingüstica _916427 _zRepública Dominicana |
|
| 650 | 4 |
_aLenguaje y lengua _99143 _zRepública Dominicana |
|
| 910 | _aValidado. Control de calidad/MAA | ||
| 942 |
_2ddc _cLBS1 |
||
| 999 |
_c5605 _d5605 |
||